Statistics for X-Men Quizzes 8: Deadpool

Click here to take the quiz!

General Stats

  • This quiz has been taken 31 times
  • The average score is 10 of 14

Answer Stats

HintAnswer% Correct
What is his first name?Wade
100%
And his last name?Wilson
100%
He can break the:4th {wall}
97%
Who is the shiny metal man who works with Deadpool?Colossus / Piotr Rasputin
79%
What can’t he do that most others eventually will?Die
79%
What kind of sword does he use?Katana
79%
Who portrayed him in 2009 and 2016?Ryan Reynolds
79%
He created the antihero team:X-Force
76%
In which movie did a lousy version of him appear?X-Men Origins: Wolverine
76%
In Deadpool (2016), who is his fiancée?Copycat / Vanessa Carlysle
48%
What is his favourite food?Chimichangas
45%
What is his nickname?The Merc with a Mouth
41%
What project was he a part of?Weapon X
41%
What is his middle name?Winston
10%

Score Distribution

Percentile by Number Answered

Percent of People with Each Score

Your Score History

You have not taken this quiz